书目信息 |
| 题名: |
游心书屋札记
|
|
| 作者: | 张西平 著 | |
| 分册: | ||
| 出版信息: | 北京 中华书局 2019.12 |
|
| 页数: | 630页 | |
| 开本: | 22cm | |
| 丛书名: | ||
| 单 册: | ||
| 中图分类: | G129-53 , B979.2-53 , H0-09 , K207.8-53 | |
| 科图分类: | ||
| 主题词: | 东西文化--dong xi wen hua--文化交流--文化史--中国--文集 , 基督教史--ji du jiao shi--中国--文集 , 语言学史--yu yan xue shi--中国--近代--文集 , 汉学--han xue--西方国家--文集 | |
| 电子资源: | ||
| ISBN: | 978-7-101-13679-1 | |
| 000 | 01237nam0 2200313 450 | |
| 001 | 2131069171 | |
| 005 | 20211029202829.0 | |
| 010 | @a978-7-101-13679-1@b精装@dCNY180.00 | |
| 100 | @a20200323d2019 em y0chiy0120 ea | |
| 101 | 0 | @achi |
| 102 | @aCN@b110000 | |
| 105 | @ay z 000yy | |
| 106 | @ar | |
| 200 | 1 | @a游心书屋札记@Ayou xin shu wu zha ji@e问学寻思录@f张西平著 |
| 210 | @a北京@c中华书局@d2019.12 | |
| 215 | @a630页@d22cm | |
| 330 | @a本书收录张西平先生二十余年来在中西文化交流史研究(西学东渐研究、中国基督宗教史研究、近代中国语言史研究、西方汉学研究和跨文化研究)领域中,读书问学、以文会友的文字,分作五个篇章:碧海丝路,中西汇通;他乡有夫子,东西流水终相逢;黄鹂春风鸣,五洲汉字风;天地南北双飞客,一桥横渡化古今;十年甘苦心,得失寸心知。 | |
| 517 | 1 | @a问学寻思录@Awen xue xin si lu |
| 606 | 0 | @a东西文化@Adong xi wen hua@x文化交流@x文化史@y中国@j文集 |
| 606 | 0 | @a基督教史@Aji du jiao shi@y中国@j文集 |
| 606 | 0 | @a语言学史@Ayu yan xue shi@y中国@z近代@j文集 |
| 606 | 0 | @a汉学@Ahan xue@y西方国家@j文集 |
| 690 | @aG129-53@v5 | |
| 690 | @aB979.2-53@v5 | |
| 690 | @aH0-09@v5 | |
| 690 | @aK207.8-53@v5 | |
| 701 | 0 | @a张西平@Azhang xi ping@4著 |
| 801 | 0 | @aCN@b百万庄@c20211029 |
| 905 | @b1313916-17@dG129-53@e342@f2 | |
| 游心书屋札记:问学寻思录/张西平著.-北京:中华书局,2019.12 |
| 630页;22cm |
| ISBN 978-7-101-13679-1(精装):CNY180.00 |
| 本书收录张西平先生二十余年来在中西文化交流史研究(西学东渐研究、中国基督宗教史研究、近代中国语言史研究、西方汉学研究和跨文化研究)领域中,读书问学、以文会友的文字,分作五个篇章:碧海丝路,中西汇通;他乡有夫子,东西流水终相逢;黄鹂春风鸣,五洲汉字风;天地南北双飞客,一桥横渡化古今;十年甘苦心,得失寸心知。 |
| ● |
| 相关链接 |
|
|
|
|
正题名:游心书屋札记
索取号:G129-53/342
 
预约/预借
| 序号 | 登录号 | 条形码 | 馆藏地/架位号 | 状态 | 备注 |
| 1 | 1313916 | 213139165 | 第一样本阅览室/ [索取号:G129-53/342] | 在馆 | |
| 2 | 1313917 | 213139174 | 第四借阅区/ [索取号:G129-53/342] | 在馆 |